00344nam a2200133Ia 4500008004100000020001500041041001200056082001600068100001400084245005900098260002900157300000800186650001600194221030s9999 xx 000 0 und d a8176563404 aEnglish a105.23bGer aB. Gerber 0aMastering Microsoft Exchange 2000 Servercby B. Gerber bBPB PubaNew Delhic2000 a670 aBE Computer